| 000 -LEADER |
| fixed length control field |
00969nam a2200337 a 4500 |
| 001 - CONTROL NUMBER |
| control field |
017155894 |
| 003 - CONTROL NUMBER IDENTIFIER |
| control field |
UkOxU |
| 005 - DATE AND TIME OF LATEST TRANSACTION |
| control field |
20221228211059.0 |
| 008 - FIXED-LENGTH DATA ELEMENTS--GENERAL INFORMATION |
| fixed length control field |
080715r20082004enka j 000 1 eng |
| 015 ## - NATIONAL BIBLIOGRAPHY NUMBER |
| National bibliography number |
GBA890719 |
| Source |
bnb |
| 020 ## - INTERNATIONAL STANDARD BOOK NUMBER |
| International Standard Book Number |
9780440868514 (pbk.) : |
| 020 ## - INTERNATIONAL STANDARD BOOK NUMBER |
| International Standard Book Number |
0440868513 (pbk.) : |
| 035 ## - SYSTEM CONTROL NUMBER |
| System control number |
(IeDuTC)b15160121 |
| 035 ## - SYSTEM CONTROL NUMBER |
| System control number |
(UkLCURL)08b15160121 |
| 038 ## - RECORD CONTENT LICENSOR |
| Record content licensor |
Uk |
| 040 ## - CATALOGING SOURCE |
| Original cataloging agency |
StDuBDS |
| Language of cataloging |
eng |
| Transcribing agency |
StDuBDS |
| Modifying agency |
KH8 |
| 049 ## - LOCAL HOLDINGS (OCLC) |
| Local processing data |
b |
| 082 04 - DEWEY DECIMAL CLASSIFICATION NUMBER |
| Classification number |
823.914 WIL |
| Edition number |
22 |
| 090 ## - LOCALLY ASSIGNED LC-TYPE CALL NUMBER (OCLC); LOCAL CALL NUMBER (RLIN) |
| Classification number (OCLC) (R) ; Classification number, CALL (RLIN) (NR) |
TCD |
| Local cutter number (OCLC) ; Book number/undivided call number, CALL (RLIN) |
PB-275-696 |
| 100 1# - MAIN ENTRY--PERSONAL NAME |
| Personal name |
Wilson, Jacqueline. |
| Relator term |
Author |
| 245 10 - TITLE STATEMENT |
| Title |
Best friends / |
| Statement of responsibility, etc. |
Jacqueline Wilson ; illustrated by Nick Sharratt. |
| 260 ## - PUBLICATION, DISTRIBUTION, ETC. |
| Place of publication, distribution, etc. |
London : |
| Name of publisher, distributor, etc. |
Yearling, |
| Date of publication, distribution, etc. |
2008. |
| 263 ## - PROJECTED PUBLICATION DATE |
| Projected publication date |
200810 |
| 300 ## - PHYSICAL DESCRIPTION |
| Extent |
1 v. : |
| Other physical details |
ill. |
| 500 ## - GENERAL NOTE |
| General note |
Originally published: London: Doubleday, 2004. |
| 650 #0 - SUBJECT ADDED ENTRY--TOPICAL TERM |
| Topical term or geographic name entry element |
Female friendship |
| Form subdivision |
Juvenile fiction. |
| 655 #0 - INDEX TERM--GENRE/FORM |
| Genre/form data or focus term |
Children's stories. |
| 700 1# - ADDED ENTRY--PERSONAL NAME |
| Personal name |
Sharratt, Nick. |
| Relator term |
Illustrator |
| 942 ## - ADDED ENTRY ELEMENTS (KOHA) |
| Source of classification or shelving scheme |
|
| Koha item type |
Books - Non Ficton |